000 00399nam a22001337a 4500
020 _a0-07-059777-4
082 _a530
_bMAL/P
100 _aSTALIN MALHOTRA, SURJEET SING GOEL, ALOK KUMAR
245 _aQUESTION BANK SERIES IN PHYSICS
_b3RD EDITION FOR CLASS XI
260 _aDELHI
_bTATA MCGRAW HILL PUBLISHING
_c2006
300 _a474
650 _aPHYSICS QUESTION BANK FOR CLASS XI
_zINDIA
942 _cBK
999 _c523
_d523